[Event "Kronach Oberfranken Cup"]
[Site "Kronach"]
[Date "2022.07.03"]
[Round "5"]
[White "Steiner, Tizian"]
[Black "Sabol, Tena"]
[Result "1-0"]
[WhiteElo "1627"]
[BlackElo "1291"]
[PlyCount "61"]
[EventDate "2022.07.01"]
[EventType "swiss"]
[EventRounds "5"]
[EventCountry "GER"]
[SourceTitle "EXT 2023"]
[Source "ChessBase"]
[SourceDate "2022.10.05"]
[SourceVersion "1"]
[SourceVersionDate "2022.10.05"]
[SourceQuality "1"]

1. e4 c5 2. Nf3 e6 3. d4 cxd4 4. Nxd4 a6 5. c4 Nc6 6. Nc3 Qc7 7. Be3 Nf6 8. Be2 Bb4 9. f3 0-0 10. 0-0 b6 11. Rc1 Be7 12. Nd5 Qb7 13. Nxc6 dxc6 14. Nxb6 Rb8 15. c5 Rd8 16. Qa4 Bd7 17. b4 Qa7 18. Qxa6 Qxa6 19. Bxa6 Be8 20. Bf4 h6 21. Bxb8 Rxb8 22. Rfd1 Nh5 23. g3 e5 24. Kf2 g6 25. Bc4 Rb7 26. Rd3 Kg7 27. a4 f5 28. exf5 gxf5 29. Re1 Bf6 30. Rd6 Kg6 31. Rxe5 1-0

[Event "Kronach Oberfranken Cup"]
[Site "Kronach"]
[Date "2022.07.01"]
[Round "1"]
[White "Sabol, Tena"]
[Black "Wuest, Michael"]
[Result "1/2-1/2"]
[WhiteElo "1291"]
[BlackElo "1842"]
[PlyCount "83"]
[EventDate "2022.07.01"]
[EventType "swiss"]
[EventRounds "5"]
[EventCountry "GER"]
[SourceTitle "EXT 2023"]
[Source "ChessBase"]
[SourceDate "2022.10.05"]
[SourceVersion "1"]
[SourceVersionDate "2022.10.05"]
[SourceQuality "1"]

1. d4 f5 2. Bf4 Nf6 3. e3 e6 4. Nd2 d5 5. Ngf3 Be7 6. c3 0-0 7. Qc2 Bd7 8. Be2 Be8 9. 0-0 Bh5 10. Rfe1 Bxf3 11. Nxf3 Ne4 12. Rac1 Nd7 13. c4 c6 14. h3 Kh8 15. Bh2 Qe8 16. Qb3 g5 17. Ne5 Bf6 18. Nd3 dxc4 19. Qxc4 Nb6 20. Qc2 Nd5 21. Bf3 Qg6 22. Qe2 Rad8 23. Bxe4 fxe4 24. Nc5 Bg7 25. Qg4 Rde8 26. Qxe4 Qf7 27. Nd3 Nf6 28. Qf3 Qe7 29. Qe2 Ne4 30. f3 Nd6 31. Be5 Nf5 32. Qf2 Rd8 33. Rc4 Kg8 34. Bxg7 Kxg7 35. e4 b5 36. Rxc6 Nxd4 37. Rc3 e5 38. Rec1 Rd7 39. a3 Kg8 40. Nb4 Rfd8 41. Nd5 Qf7 42. Qe3 1/2-1/2

[Event "Oberfranken-ch U14"]
[Site "Schney"]
[Date "2020.01.05"]
[Round "6.5"]
[White "Sabol, Tena"]
[Black "Heinrich, Daniela"]
[Result "1-0"]
[WhiteElo "1068"]
[BlackElo "1155"]
[PlyCount "79"]
[EventDate "2020.01.03"]
[EventType "swiss"]
[EventRounds "7"]
[EventCountry "GER"]
[SourceTitle "EXT 2024"]
[Source "ChessBase"]
[SourceDate "2023.10.10"]
[SourceVersion "1"]
[SourceVersionDate "2023.10.10"]
[SourceQuality "1"]

1. d4 d5 2. Bf4 Nc6 3. e3 e6 4. Nf3 Nf6 5. Nbd2 Bd6 6. Bg3 0-0 7. Bd3 Re8 8. Ne5 Bxe5 9. Bxe5 Nxe5 10. dxe5 Nd7 11. f4 f6 12. Nf3 f5 13. c3 c5 14. Bc2 b5 15. a3 a5 16. Qd2 c4 17. Qf2 Nc5 18. Nd2 a4 19. h4 h5 20. Qg3 Kh7 21. Qf3 g6 22. Rh2 Ba6 23. Ke2 Re7 24. Rg1 Rd7 25. Ke1 Ne4 26. g4 Nxd2 27. Kxd2 fxg4 28. Bxg6+ Kxg6 29. Rxg4+ Kh7 30. Rg5 Qxg5 31. hxg5 h4 32. Qh5+ Kg8 33. Rxh4 Rg7 34. g6 Kf8 35. Qh8+ Rg8 36. g7+ Ke7 37. Qh7 Rae8 38. Rg4 Bc8 39. Qh4+ Kf7 40. Qf6# 1-0